000 01129cam a2200217 4500
001 WB@3612-176
008 040826n2004 000 0 eng u
035 _a(Sirsi) u127177
245 _aShopping centre sales
260 _c2004
490 _aConstruction Mall Press Release
_v24 August 2004 (1)
520 _aThe latest "Shopping centre overview" report has been published by Nelson Bakewell. It shows that despite several interest rate rises, the shopping centre market shows no signs of abating. The first six months of 2004 saw twice as many shopping centres sold in the UK as in the same period last year. By the end of June 2004, 48 centres had changed hands for a total of £2.455bn. Quoted property companies were the biggest sellers as they took advantage of the capital growth seen on their assets purchased over the last three years. http://www.constructionmall.co.uk/press/article/12 055
590 _aWB
590 _aWB
650 _aSHOPPING CENTRES
650 _aRETAIL PROPERTY
650 _aPROPERTY INVESTMENTS
650 _aTRANSACTIONS
690 _aCOMMERCIAL PROPERTY-MARKET
942 _n0
999 _c117909
_d117909